=LDR 00000nam 2200000 4500 =001 INLIS000000000050995 =005 20170808125924 =035 ##$$a 0010-0817000178 =007 ta =008 170808###########################0###### =020 ##$$a 978-602-382-4 =082 ##$$a 899.221 3 =084 ##$$a 899.221 3 AND t =100 #$$a Andaru Intan =245 1#$$a Teman Hidup /$c Andaru Intan =250 ##$$a cet.1 =260 ##$$a Yogyakarta :$b Diva Press,$c 2017 =300 ##$$a 376 hlm ; $c 20 cm =650 ##$$a Fiksi Indonesia =700 #$$a Addin Negara =990 ##$$a 91239123 =990 ##$$a 31701648